Statistics for American Dad Characters

Click here to take the quiz!

General Stats

  • This quiz has been taken 356 times
  • The average score is 13 of 17

Answer Stats

PersonaCharacter% Correct
Head of the Smith household.Stan Smith
100%
Homophobic alien being hidden in the attic of the Smith family.Roger Smith
98%
Teenaged son of the Smith household.Steve Smith
98%
Wife of the above-mentioned character.Francine Smith
96%
Rebellious daughter of the Smith household.Hailey Smith
95%
German skiier tuned into a fish by the CIA.Klaus Heisler
95%
Steve's Jewish best friend.Snot Lonstein
84%
Hailey's deadbeat teenaged husband.Jeff Fischer
83%
Steve's overweight orange-haired friend.Barry Robinson
80%
Head director of the CIA office in Langley Falls.Avery Bullock
77%
Steve's Japanese friend.Toshi Yoshida
75%
Husband of the above-mentioned character.Terry Bates
73%
Stan's brown-haired homosexual neighbor.Greg Corbin
67%
Homeless man turned into a koala by the CIA.Reginald
54%
Stan's older, grey haired co-worker.Dick
48%
Stan's skinny brown-haired co-worker.Jackson
32%
Stan's old, near retired honest co-worker.Ray
7%

Score Distribution

Percentile by Number Answered

Percent of People with Each Score

Your Score History

You have not taken this quiz